000 00914nas a2200301 4500
001 BR2014005074
003 BR-BrBNA
005 20231205124353.0
007 ta
008 230509b bl.|||p| |||| 00| 00por d
040 _aBR-BrBNA
_bpor
_cBiblioteca Nacional de Agricultura
041 _a(Pt)
072 _aF30
100 1 _aGuedes, J.M.
100 1 _aVilela, D.J.M.
100 1 _aRezende, J.C.
100 1 _aSilva, F.L.
100 1 _aBotelho, C.E.
100 1 _aCarvalho, S.P.
245 1 _aDivergência genética entre cafeeiros do germoplasma Maragogipe
650 _aCAFÉ
650 _aMELHORAMENTO GENÉTICO VEGETAL
650 _aMÉTODO ESTATÍSTICO
773 0 _tBragantia (Brazil)
_xISSN 1678-4499
_g(Apr-Jun 2013), v. 72(2) p. 127-132
_wBR2014005074
856 4 0 _uhttp://www.scielo.br/pdf/brag/v72n2/v72n2a03.pdf
909 _a202311
_bLúcia
_c55
_dLúcia Elande
942 _2AGRIS
_n0
_cANA
999 _c238727
_d238727